Statistics for WiFi Terms (Hard)

Click here to take the quiz!

General Stats

  • This quiz has been taken 3 times
  • The average score is 4 of 15

Answer Stats

HintAnswer% Correct
CRCCyclic Redundancy Check
100%
OFDMAOrthogonal Frequency-Division Multiple Access
100%
ISMIndustrial/Scientific/Medical
50%
OFDMOrthogonal Frequency-Division Multiplexing
50%
QPSKQuadrature Phase Shift Keying
50%
TWTTarget Wake Time
50%
BPSKBinary Phase Shift Keying
0%
CSMA/CACarrier Sense Multiple Access with Collision Avoidance
0%
CCKComplementary Code Keying
0%
DSSSDirect Sequence Spread Spectrum
0%
MU-MIMOMulti-User, Multiple-Input, Multiple-Output
0%
PLCPPhysical Layer Convergence Protocol
0%
PPDUPLCP Protocol Data Unit
0%
QAMQuadrature Amplitude Modulations
0%
RUsResource Units
0%

Score Distribution

Percentile by Number Answered

Percent of People with Each Score

Your Score History

You have not taken this quiz